1332 1795 1443 1178 1543 1321 1625 1342 1707 1670 1975 1675 1025 1345 1807 1774 1084 1748 1380 1073 1720 1112 1823 1999 1438 1480 1841 1839 1287 1971 1948 1232 1313 1561 1906 1617 1028 1971 1184 1381 1637 1034 1015 1342 1057 1396 1058 1037 1609 1064 1233 1139 1411 1111 1077 1217 1353 1191 1124 1671 1847 1186 1696 1276 1823 1819 1022 1317 1067 1029 1922 1861 1499 1643 1585 1805 1381 1337 1216 1382 1954 1094 1158 1410 1840 1372 1687 1035 1284 1810 1992 1301 1606 1449 1251 1861 1030 1180 1366 BCNSPRNW ULIB Ver.6.0+V

เปลี่ยนเป็นภาษาไทย

Change to English
 แสดงรายละเอียดบรรณานุกรม
  กลับหน้าหลัก

Brief Record : Get Marc (ISO 2709) : E-mail record : QR code < ปิดหน้าต่าง
LEADER : 00000nam 2200000uu 4500
001    13399112056
003     ULIB
008    110725s2550||||th 000 0 tha d
020    9789748349046
050  4 H62^bส852ร 2550
100 0  สุชาต ประสิทธิ์รัฐสินธุ์
245 10 ระเบียบวิธีการวิจัยทางสังคมศาสตร์ /^cสุชาต ประสิทธิ์รัฐสินธุ์
250    พิมพ์ครั้งที่ 14
260    [กรุงเทพฯ] :^bเฟื่องฟ้า,^c2550
300    xxvi, 640 หน้า
650  7 สังคมศาสตร์^vวิจัย
945    ^p550^l0^i021422
945    ^p550^l0^i021423
995    ทศพร
999 ^a ทศพร
รายการนี้ยังไม่มีแท็ก
คุณยังไม่ได้ล็อกอิน คุณสามารถมีกิจกรรมร่วมกับเว็บไซต์ได้ แต่ต้องล็อกอินก่อน ::
  ล็อกอิน

รายการสื่อสารสนเทศ

ลำดับที่ ประเภท เลขเรียก/บาร์โค้ด สถานที่ สถานะ
- ไม่พบข้อมูล -

รายการใกล้เคียง
    ผู้แต่ง [สุชาต ประสิทธิ์รัฐสินธุ์]

BibComment


ยังไม่เคยถูกคอมเมนท์

คอมเมนท์ทรัพยากรรายการนี้
  คอมเมนท์: ระเบียบวิธีการวิจ..


 Copyright 2026. Bcnsprnw @Library